00383nam a2200157Ia 45000010006000000050017000060080041000230410008000640820017000721000043000892450046001322600009001783000022001876500008002096540008002172141820260306172917.0260306t2007||||xx |||||||||||||| ||spa|| aESP a344.83GbG23 aGarcía Cavero, Percy [1970-...]eAUT 0aDerecho penal económico:bparte general c2007 apágs. :c24 cm. aGEN aCDE